<?xml version="1.0" encoding="UTF-8"?>
<record
    xmlns:xsi="http://www.w3.org/2001/XMLSchema-instance"
    xsi:schemaLocation="http://www.loc.gov/MARC21/slim http://www.loc.gov/standards/marcxml/schema/MARC21slim.xsd"
    xmlns="http://www.loc.gov/MARC21/slim">

  <leader>01475nam a22002537a 4500</leader>
  <datafield tag="999" ind1=" " ind2=" ">
    <subfield code="c">22370</subfield>
    <subfield code="d">22370</subfield>
  </datafield>
  <controlfield tag="003">AR-CdUCM</controlfield>
  <controlfield tag="008">150630s2014    pe a     b    000 0 spa d</controlfield>
  <datafield tag="020" ind1=" " ind2=" ">
    <subfield code="a">9786123170264</subfield>
  </datafield>
  <datafield tag="040" ind1=" " ind2=" ">
    <subfield code="a">Biblioteca Municipal del Cusco Gustavo P&#xE9;rez Ocampo</subfield>
    <subfield code="b">spa</subfield>
    <subfield code="d">Biblioteca Municipal del Cusco Gustavo P&#xE9;rez Ocampo</subfield>
  </datafield>
  <datafield tag="082" ind1=" " ind2=" ">
    <subfield code="a">070.44/P36</subfield>
    <subfield code="b">P36</subfield>
    <subfield code="2">Primera reimpresi&#xF3;n de la primera edici&#xF3;n</subfield>
  </datafield>
  <datafield tag="100" ind1="1" ind2=" ">
    <subfield code="a">Pedraglio, Santiago</subfield>
  </datafield>
  <datafield tag="245" ind1="1" ind2="0">
    <subfield code="a">Conversaciones :</subfield>
    <subfield code="b">con ojos del siglo veinte /</subfield>
    <subfield code="c">Santiago Pedraglio</subfield>
  </datafield>
  <datafield tag="260" ind1=" " ind2=" ">
    <subfield code="a">Lima :</subfield>
    <subfield code="b">Pontificia Universidad Cat&#xF3;lica del Per&#xFA;,</subfield>
    <subfield code="c">2020.</subfield>
  </datafield>
  <datafield tag="300" ind1=" " ind2=" ">
    <subfield code="a">473 pages :</subfield>
    <subfield code="b">illustrations ;</subfield>
    <subfield code="c">24 cm.</subfield>
  </datafield>
  <datafield tag="505" ind1="0" ind2=" ">
    <subfield code="a">Contenido: A modo de agradecimiento -- Pr&#xF3;logo / Alejandro Neyra -- Juan Miguel B&#xE1;kula -- Armando Villanueva del Campo -- Alberto Benavides de la Quintana -- Francisco Morales Berm&#xFA;dez -- Fernando de Szyszlo -- Celso Garrido Lecca -- Carlos Germ&#xE1;n Belli -- Gustavo Guti&#xE9;rrez -- Ang&#xE9;lica Mendoza de Ascarza -- Desiderio Blanco -- Manuel Acosta Ojeda -- Oswaldo Reynoso -- Julio Cotler -- Sa&#xFA;l Pe&#xF1;a Kolenkautsky -- Jaime Guardia -- Teresa Izquierdeo -- Ronald Woodman -- Hugo Blanco Gald&#xF3;s -- Edmundo Cruz -- Elva Alcandr&#xE9; -- Never Tuesta -- L&#xED;nea de tiempo.</subfield>
  </datafield>
  <datafield tag="650" ind1=" " ind2=" ">
    <subfield code="a">Periodismo</subfield>
    <subfield code="9">1929</subfield>
  </datafield>
  <datafield tag="650" ind1=" " ind2=" ">
    <subfield code="a">Intelectuales</subfield>
    <subfield code="9">3971</subfield>
  </datafield>
  <datafield tag="650" ind1=" " ind2=" ">
    <subfield code="a">Entrevistas</subfield>
    <subfield code="9">13760</subfield>
  </datafield>
  <datafield tag="650" ind1=" " ind2=" ">
    <subfield code="a">Per&#xFA;</subfield>
    <subfield code="9">47948</subfield>
  </datafield>
  <datafield tag="710" ind1=" " ind2=" ">
    <subfield code="a">Pontificia Universidad Cat&#xF3;lica del Per&#xFA;</subfield>
    <subfield code="9">400</subfield>
  </datafield>
  <datafield tag="942" ind1=" " ind2=" ">
    <subfield code="2">ddc</subfield>
    <subfield code="c">LIBROS</subfield>
  </datafield>
  <datafield tag="945" ind1=" " ind2=" ">
    <subfield code="a">rac</subfield>
  </datafield>
  <datafield tag="952" ind1=" " ind2=" ">
    <subfield code="0">0</subfield>
    <subfield code="2">ddc</subfield>
    <subfield code="4">0</subfield>
    <subfield code="7">0</subfield>
    <subfield code="a">SH</subfield>
    <subfield code="b">SH</subfield>
    <subfield code="c">CART</subfield>
    <subfield code="d">2022-05-04</subfield>
    <subfield code="e">Donaci&#xF3;n</subfield>
    <subfield code="g">66.00</subfield>
    <subfield code="o">070.44/P36</subfield>
    <subfield code="p">SH0000016189</subfield>
    <subfield code="r">2022-05-04</subfield>
    <subfield code="y">LIBROS</subfield>
  </datafield>
  <datafield tag="952" ind1=" " ind2=" ">
    <subfield code="0">0</subfield>
    <subfield code="2">ddc</subfield>
    <subfield code="4">0</subfield>
    <subfield code="7">0</subfield>
    <subfield code="a">SH</subfield>
    <subfield code="b">SH</subfield>
    <subfield code="c">CART</subfield>
    <subfield code="d">2022-05-04</subfield>
    <subfield code="e">Donaci&#xF3;n</subfield>
    <subfield code="g">66.00</subfield>
    <subfield code="o">070.44/P36/e.2</subfield>
    <subfield code="p">SH0000016190</subfield>
    <subfield code="r">2022-05-04</subfield>
    <subfield code="y">LIBROS</subfield>
  </datafield>
</record>
